| 000 | 00376nam a22001577a 4500 | ||
|---|---|---|---|
| 003 | SGT | ||
| 020 | _a978-81-7637-268-8 | ||
| 082 |
_a615.53 _bR17S |
||
| 100 | _aSANKHYADHAR,SATISH CHANDRA | ||
| 245 | _aRAJ NIGHANTU | ||
| 260 |
_aVARANASI _bCHAUKHAMBA ORIANTED PUB _c2017 |
||
| 300 | _a1306 | ||
| 650 | _aAYURVEDA | ||
| 653 | _aRAJ NIGHANTU, NIGHANTU,DRUG | ||
| 942 |
_2ddc _cBK |
||
| 999 |
_c16933 _d16933 |
||